| 000 | 00472nam a2200193Ia 4500 | ||
|---|---|---|---|
| 003 | OSt | ||
| 005 | 20220530165429.0 | ||
| 008 | 210210b1946 xxu||||| |||| 00| 0 eng d | ||
| 040 | _cAL | ||
| 041 | _aeng | ||
| 082 | _a824/244 | ||
| 100 |
_aPALMER (John) _939581 |
||
| 245 | _aComic characters of shakespeare | ||
| 260 |
_aLondon _bMacmillan & Co. Ltd. _c1946 |
||
| 650 |
_ashakespeare _939582 |
||
| 690 |
_aEnglish Prose _939584 |
||
| 906 | _a014194 | ||
| 942 |
_2ddc _cBK |
||
| 999 |
_c133295 _d133295 |
||